[Event "GER-ch45 V1 email"]
[Site "GER email"]
[Date "2008.03.03"]
[Round "?"]
[White "Komanns, Theodor"]
[Black "Stein, Kurt"]
[Result "1/2-1/2"]
[WhiteElo "2097"]
[BlackElo "2150"]
[PlyCount "58"]
[EventDate "2008.??.??"]
[EventType "tourn (corr)"]
[EventRounds "10"]
[EventCountry "GER"]
[SourceTitle "Corr 2011"]
[Source "ChessBase"]
[SourceDate "2010.08.31"]
[SourceVersion "1"]
[SourceVersionDate "2010.08.31"]
[SourceQuality "1"]

1. e4 c5 2. Nf3 d6 3. Bb5+ Nc6 4. Nc3 Bd7 5. d4 cxd4 6. Nxd4 g6 7. Be3 Bg7 8. 0-0 Nf6 9. Be2 0-0 10. a3 Na5 11. Qd3 Rc8 12. b3 a6 13. Nd5 b5 14. Nxf6+ Bxf6 15. Rac1 Nc6 16. Nxc6 Rxc6 17. c4 bxc4 18. Rxc4 Rxc4 19. bxc4 Qc7 20. Rb1 Rc8 21. Rb6 a5 22. Ra6 Be6 23. Qc2 Bxc4 24. Ra7 Qc6 25. Qxc4 Qxc4 26. Bxc4 Rxc4 27. Bh6 Rc8 28. Kf1 Bb2 29. Rxa5 f6 1/2-1/2

[Event "GER-ch42 final email"]
[Site "GER email"]
[Date "2008.01.05"]
[Round "?"]
[White "Packroff, Hermann"]
[Black "Stein, Kurt"]
[Result "1/2-1/2"]
[WhiteElo "2076"]
[BlackElo "2150"]
[PlyCount "36"]
[EventDate "2008.??.??"]
[EventType "tourn (corr)"]
[EventRounds "10"]
[EventCountry "GER"]
[SourceTitle "Corr 2011"]
[Source "ChessBase"]
[SourceDate "2010.08.31"]
[SourceVersion "1"]
[SourceVersionDate "2010.08.31"]
[SourceQuality "1"]

1. e4 e5 2. Nf3 Nc6 3. Bb5 a6 4. Bxc6 dxc6 5. 0-0 f6 6. d4 Bg4 7. c3 Bd6 8. Be3 Ne7 9. Nbd2 Qd7 10. dxe5 fxe5 11. h3 Be6 12. Ng5 Bg8 13. Qh5+ Ng6 14. Rfd1 0-0-0 15. b3 Qe8 16. Nc4 h6 17. Qg4+ Kb8 18. Nxd6 cxd6 1/2-1/2

[Event "GER M-445 D email"]
[Site "GER email"]
[Date "2008.??.??"]
[Round "?"]
[White "Koenig, Frank"]
[Black "Stein, Kurt"]
[Result "1/2-1/2"]
[WhiteElo "1830"]
[BlackElo "2075"]
[PlyCount "59"]
[EventDate "2008.??.??"]
[EventType "tourn (corr)"]
[EventRounds "6"]
[EventCountry "GER"]
[SourceTitle "Corr 2011"]
[Source "ChessBase"]
[SourceDate "2010.08.31"]
[SourceVersion "1"]
[SourceVersionDate "2010.08.31"]
[SourceQuality "1"]

1. e4 c5 2. Nf3 d6 3. Nc3 Nc6 4. Bc4 e5 5. d3 Be7 6. 0-0 Nf6 7. Re1 h6 8. Be3 0-0 9. h3 Bd7 10. a3 Nd4 11. Nd5 Ba4 12. Rc1 Nxd5 13. Bxd5 Rc8 14. b3 Bc6 15. c3 Nxf3+ 16. Qxf3 Bxd5 17. exd5 f5 18. c4 Bg5 19. Rb1 Qf6 20. b4 b6 21. bxc5 Bxe3 22. Qxe3 f4 23. Qf3 Rxc5 24. Rb4 Rfc8 25. Re4 Qg5 26. Kh2 Qf5 27. Re2 h5 28. Rb3 Ra5 29. Ra2 Kf7 30. Rab2 1/2-1/2

[Event "GER-ch42 final email"]
[Site "GER email"]
[Date "2008.??.??"]
[Round "?"]
[White "Stein, Kurt"]
[Black "Heinke, Richard"]
[Result "1/2-1/2"]
[WhiteElo "2150"]
[BlackElo "2163"]
[PlyCount "40"]
[EventDate "2008.??.??"]
[EventType "tourn (corr)"]
[EventRounds "10"]
[EventCountry "GER"]
[SourceTitle "Corr 2011"]
[Source "ChessBase"]
[SourceDate "2010.08.31"]
[SourceVersion "1"]
[SourceVersionDate "2010.08.31"]
[SourceQuality "1"]

1. Nf3 c5 2. e4 Nc6 3. d4 cxd4 4. Nxd4 e5 5. Nb5 d6 6. N1c3 a6 7. Na3 b5 8. Nd5 Nge7 9. c4 Nd4 10. Bd3 Nxd5 11. cxd5 Be7 12. 0-0 0-0 13. Be3 Qa5 14. Nc2 Nxc2 15. Qxc2 Bd7 16. Qd2 Qxd2 17. Bxd2 Rac8 18. Rfc1 g6 19. a4 bxa4 20. Bxa6 Rxc1+ 1/2-1/2